000 01517cam a22003977a 4500
003 CHAP
005 20220329141437.0
008 971013s1987 r 00010 d
010 _a68214
011 _a69186
035 _a78661
040 _cCHAP
082 _a333.03
_bH5
100 0 0 _aHinojosa Ortiz, José.
_955524
245 1 4 _aLas palabras de la Ley Federal de Reforma Agraria
260 _aMéxico :
_bCentro Nacional de Investigaciones Agrarias,
_c1987
300 _a2 v.
500 _a-- v.1.
500 _aLa biblioteca tiene: v.1 -- Tit. v.2 Glosario de términos Ley Federal de Reforma Agraria
590 _aBATCH-UPD
_b10
_c20130109
_lUCH01
_h2308
590 _aBATCH-UPD
_b10
_c20130110
_lUCH01
_h0119
590 _aBATCH-UPD
_b10
_c20130110
_lUCH01
_h0647
590 _aBATCH-UPD
_b10
_c20130409
_lUCH01
_h1825
590 _aBATCH-UPD
_b10
_c20130409
_lUCH01
_h2112
590 _aBATCH-UPD
_b10
_c20130914
_lUCH01
_h1617
590 _aCONVERSION
_b10
_c20130109
_lUCH01
_h1337
650 1 4 _aReforma agraria
_xTerminología.
_995588
650 1 4 _aTierras
_xTenencia
_xTerminología.
_9113203
901 _aBK
942 _cLIBRO
949 _a333.03 H5
_bBC
_cC
_d33724000532347
_eC
_fv.2
_h72974
_i78661
_si
949 _a333.03 H5
_bBC
_cC
_d33724000532461
_eC
_fv.1
_h72973
_i78661
_si
949 _a333.03 H5
_bBC
_cC
_d33724000532479
_eC
_fv.1 c.2
_h79324
_i78661
_si
949 _a333.03 H5
_bBC
_cC
_d33724000681672
_eC
_fv.2 c.2
_h92394
_i78661
_sb
949 _a333.03 H5
_bBC
_cC
_d33724000681805
_eC
_fv.1 c.3
_h92393
_i78661
_sb
999 _c68214
_d68214